| 000 | 00531nam a2200205 a 4500 | ||
|---|---|---|---|
| 005 | 20140310183443.0 | ||
| 008 | 050531s19uu xx 00 eng d | ||
| 020 | _a9780071266192 | ||
| 050 |
_aHB 171.5 _b.Sl6276 2008 |
||
| 100 | _aSlavin, Stephen L. | ||
| 245 |
_aEconomics / _cStephen L. Slavin |
||
| 250 | _a8th ed. | ||
| 260 |
_aBoston : _bMcGraw-Hill, _c2008. |
||
| 300 |
_a833 p. : _bcol. ill. ; _c28 cm. |
||
| 521 | _aBSBA | ||
| 650 | _aBSBA books. | ||
| 650 | _aEconomics. | ||
| 942 |
_cBK _2lcc _kFOR |
||
| 999 |
_c23160 _d23160 |
||